Perpaduan masyarakat berbilang kaum

Bibliographic Details
Format: Book
Published: Selangor : Penerbitan Pinang , 2005
Series:Siri panduan kenegaraan
Subjects:

MARC

LEADER 00000cam a2200000 7i4500
001 0000004225
005 20240514095009.0
008 070725
020 |a 9830555712(siri) 
020 |a 9830555771 
090 0 0 |a JF G   |b MAL 
245 1 0 |a Perpaduan masyarakat berbilang kaum   |c penyusun Zarina Syukor 
260 |a Selangor :   |b Penerbitan Pinang ,   |c 2005 
490 1 |a Siri panduan kenegaraan 
500 |a Children ages 7-9 years old (orange) 
650 0 |a Ethanology   |z Malaysia 
650 0 |a Malaysia   |x Race relations 
650 0 |a Malaysia   |x Social 
999 |a 0000975895   |b Book   |c Children Collection   |e Perbadanan Perpustakaan Awam Johor 
999 |a 0000975896   |b Book   |c Children Collection   |e Cawangan Pontian 
999 |a 0000975897   |b Book   |c Children Collection   |e Cawangan Bandar Tenggara 
999 |a 0000978689   |b Book   |c Children Collection   |e Cawangan Pontian 
999 |a 0000978690   |b Book   |c Children Collection   |e Cawangan Taman Universiti 
999 |a 0000978692   |b Book   |c Children Collection   |e Perbadanan Perpustakaan Awam Johor 
999 |a 0000978693   |b Book   |c Children Collection   |e Cawangan Taman Sri Lambak 
999 |a 0001070793   |b Book   |c Children Collection   |e Cawangan Taman Universiti